Central Library OPAC University of Rajshahi

Sexuality, gender and rights : (Record no. 34992)

MARC details
000 -LEADER
fixed length control field 01961nam a22004694a 4500
001 - CONTROL NUMBER
control field 34992
003 - CONTROL NUMBER IDENTIFIER
rucl marc code BD-RjUL
005 - DATE AND TIME OF LATEST TRANSACTION
control field 20211209052237.0
008 - FIXED-LENGTH DATA ELEMENTS--GENERAL INFORMATION
fixed length control field 140520s2005 i ||||| |||| 001 0 eng d
020 ## - INTERNATIONAL STANDARD BOOK NUMBER
International Standard Book Number 0761934022 (US : hbk.)
International Standard Book Number 0761934030 (US : pbk.)
International Standard Book Number 8178295539 (India : hbk.)
International Standard Book Number 8178295547 (India : pbk.)
035 ## - SYSTEM CONTROL NUMBER
System control number (OCoLC)ocm60776594
System control number (BD-RjUL)35086
040 ## - CATALOGING SOURCE
Original cataloging agency DLC
Transcribing agency DLC
Modifying agency OCLCQ
-- BWKUK
-- BAKER
-- UKM
-- COO
-- CLU
-- BTCTA
-- YDXCP
-- PUL
-- YUS
-- OCLCQ
-- DLC
-- BD-RjUL
Language of cataloging eng
041 ## - LANGUAGE CODE
Language code of text/sound track or separate title eng
082 00 - DEWEY DECIMAL CLASSIFICATION NUMBER
Classification number 305.42095
Edition number 22
Author mark and year SEX 2005
245 00 - TITLE STATEMENT
Title Sexuality, gender and rights :
Remainder of title exploring theory and practice in South and Southeast Asia /
Statement of responsibility, etc. Geetanjali Misra, Radhika Chandiramani, editors.
260 ## - PUBLICATION, DISTRIBUTION, ETC. (IMPRINT)
Place of publication, distribution, etc. New Delhi ;
-- Thousand Oaks, Calif. :
Name of publisher, distributor, etc. Sage Publications,
Date of publication, distribution, etc. c2005.
300 ## - PHYSICAL DESCRIPTION
Pagination 313 p. ;
Size 23 cm.
504 ## - BIBLIOGRAPHY, ETC. NOTE
Bibliography, etc Includes bibliographical references and index.
650 #0 - SUBJECT ADDED ENTRY--TOPICAL TERM
Topical term or geographic name as entry element Sex role
Geographic subdivision South Asia.
9 (RLIN) 105829
Topical term or geographic name as entry element Sex role
Geographic subdivision Southeast Asia.
9 (RLIN) 106540
Topical term or geographic name as entry element Gender identity
General subdivision Social aspects
Geographic subdivision South Asia.
9 (RLIN) 106541
Topical term or geographic name as entry element Gender identity
General subdivision Social aspects
Geographic subdivision Southeast Asia.
9 (RLIN) 106542
Topical term or geographic name as entry element Human rights
Geographic subdivision South Asia.
9 (RLIN) 106543
Topical term or geographic name as entry element Human rights
Geographic subdivision Southeast Asia.
9 (RLIN) 106544
Topical term or geographic name as entry element Sexuality
Geographic subdivision Asia, Western.
9 (RLIN) 106545
Topical term or geographic name as entry element Sexuality
Geographic subdivision Southeast Asia.
9 (RLIN) 106546
Topical term or geographic name as entry element Gender Identity
Geographic subdivision Asia, Western.
9 (RLIN) 106547
Topical term or geographic name as entry element Gender Identity
Geographic subdivision Southeast Asia.
9 (RLIN) 106548
Topical term or geographic name as entry element Human Rights
Geographic subdivision Asia, Western.
9 (RLIN) 106549
Topical term or geographic name as entry element Human Rights
Geographic subdivision Southeast Asia.
9 (RLIN) 106550
700 1# - ADDED ENTRY--PERSONAL NAME
Personal name Misra, Geetanjali,
Dates associated with a name 1963-
Personal name Chandiramani, Radhika,
Dates associated with a name 1965-
856 41 - ELECTRONIC LOCATION AND ACCESS
Materials specified Table of contents
Uniform Resource Identifier <a href="http://www.loc.gov/catdir/toc/ecip0515/2005017292.html">http://www.loc.gov/catdir/toc/ecip0515/2005017292.html</a>
Materials specified Publisher description
Uniform Resource Identifier <a href="http://www.loc.gov/catdir/enhancements/fy0734/2005017292-d.html">http://www.loc.gov/catdir/enhancements/fy0734/2005017292-d.html</a>
942 ## - ADDED ENTRY ELEMENTS (KOHA)
Source of classification or shelving scheme Dewey Decimal Classification
Koha item type Books
Holdings
Lost status Source of classification or shelving scheme Damaged status Not for loan Collection code Permanent Location Current Location Shelving location Date acquired Source of acquisition Cost, normal purchase price Total Checkouts Full call number Date last seen Copy number Koha item type
  Dewey Decimal Classification     Non-fiction Central Library, University of Rajshahi Central Library, University of Rajshahi   21/04/2008 Dhaka, Paragon ent. Ltd. 375.00   305.42095 SEX 2005 20/05/2014 C-2 Books
  Dewey Decimal Classification     Non-fiction Central Library, University of Rajshahi Central Library, University of Rajshahi   21/04/2008 Dhaka paragon enterprises ltd. 375.00   305.42095 SEX 2005 11/12/2016 C-3 Books